000 00826nam a2200241 i 4500
001 52091
003 ES-MaACL
005 20250818063039.0
007 t|
008 030825s1970 sp ||||1| spa d
017 _aB 17163-1970
_bOficina Depósito Legal Barcelona
040 _cES-MaACL
100 1 _aChomsky, Noam,
_d1928-
_938607
_eaut
245 1 3 _aLa lingüística cartesiana /
_cNoam Chomsky ; [traducción de Gabriel Ferrater].
260 _aBarcelona :
_bSeix Barral,
_c1970.
300 _a132 páginas ;
_c20 cm.
650 4 _914463
_aLingüística
700 1 _aFerrater, Gabriel
_950337
_etrl
852 _aES-MaACL
_jC-39644
_bR.73434
_954065
_cDEPO2
_xEncuadernación rústica con solapas
942 _cMONOGRAFIA
_n0
999 _c52091
_d52091